Statistics for CompTIA Security+ 12

Click here to take the quiz!

General Stats

  • This quiz has been taken 7 times
  • The average score is 6 of 22

Answer Stats

HintAnswer% Correct
SaaSSoftware as a Service
100%
RFIDRadio Frequency Identification
67%
RAMRandom Access Memory
67%
RAIDRedundant Array of Independent Disks
67%
ROIReturn on Investment
67%
RPORecovery Point Objective
33%
RTORecovery Time Objective
33%
RATRemote Access Trojan
33%
RADIUSRemote Authentication Dial-in User Service
33%
RFCRequest for Comments
33%
RSARivest, Shamir, Adelman
33%
S/MIMESecure/Multipurpose Internet Mail Extensions
33%
RIPEMDRACE Integrity Primitives Evaluation Message Digest
0%
RADRapid Application Development
0%
RTOSReal-time Operating System
0%
RTPReal-time Transfer Protocol
0%
RASRemote Access Server
0%
RTBHRemotely Triggered Black Hole
0%
RCSRich Communication Services
0%
RC4Rivest Cipher v4
0%
SAMLSecurity Assertion Markup Language
0%
SAESimultaneous Authentication of Equals
0%

Score Distribution

Percentile by Number Answered

Percent of People with Each Score

Your Score History

You have not taken this quiz